Sostav i termodinamičeskije funkcii plazmy

Gespeichert in:
Bibliographische Detailangaben
Format: Buch
Sprache:Russisch
Veröffentlicht: Moskva : Energoatomizdat, 1984
Tags: Tag hinzufügen
Keine Tags, Fügen Sie das erste Tag hinzu!

MARC

LEADER 00000nam a22000003a 4500
001 stu42201
005 20141122043132.1
008 940221s1984----xxr-----------------rus-d
040 |a STU  |b slo 
041 0 |a rus 
044 |a xxr 
245 |a Sostav i termodinamičeskije funkcii plazmy 
260 |a Moskva :  |b Energoatomizdat,  |c 1984 
300 |a 143 s 
996 |b 284M062574  |c M*7399-1  |l MMKN  |s A  |a 24  |w stu42201_0001